Tratado del paisaje

Uloženo v:
Podrobná bibliografie
Hlavní autor: Lhote, André (Autor)
Médium: Kniha
Jazyk:španělština
Vydáno: Buenos Aires Poseidón 1943
Edice:Colección de los Tratados
Témata:
Tagy: Přidat tag
Žádné tagy, Buďte první, kdo vytvoří štítek k tomuto záznamu!

MARC

LEADER 00000nam a2200000 a 4500
001 UCZ6179
003 CL-VaPUC
008 951201e19430000AG |||||||||||||||||spa|d
082 0 4 |a 758.1  |b LHO  |2 21 
100 |a Lhote, André  |e author  |9 350059 
245 1 0 |a Tratado del paisaje 
300 |a 126 p 
942 |c BK 
945 |d 19951201 00:00:00  |a cmena 
260 |a Buenos Aires  |b Poseidón  |c 1943 
650 0 |a Pintura  |9 265046 
650 7 |a PAISAJE  |2 CL-VaPUC  |9 262794 
650 0 |a Bellas artes  |9 334299 
650 0 |a Artes gráficas  |9 265865 
583 |a last modification  |c 19951201 00:00:00  |k Rodrigo Vera 
490 0 |a Colección de los Tratados 
999 |c 242430  |d 242428 
952 |0 0  |1 0  |4 0  |6 758_100000000000000_LHO_1943  |7 0  |8 X  |9 255387  |a BIBEDU  |b BIBEDU  |d 2019-11-19  |i 1601199  |o 758.1 LHO 1943  |p 1601199  |r 2023-01-13  |w 2019-11-19  |y BK_X  |k FIL